| 000 | 01566nam a2200361 a 4500 | ||
|---|---|---|---|
| 001 | BRL_414 | ||
| 005 | 20190320210731.0 | ||
| 008 | 070813s18891902enka######---#000-0#eng-# | ||
| 041 | _aeng | ||
| 044 | _aenk | ||
| 050 | 4 |
_aF1435 _b.M38 1889-1902 |
|
| 100 | 1 |
_aMaudslay, Alfred Percival _d1850-1931 _923848 |
|
| 245 | 1 | 0 |
_aBiologia Centrali-Americana, or, Contributions to the knowledge of the fauna and flora of Mexico and Central America _cby A.P. Maudslay ; appendix by J.T. Goodman ; edited by F. Ducane Godman and Osbert Salvin _pArchaeology |
| 260 |
_aLondon _bPublished for the editors by R.H. Porter ... and Dulau & Co. _c1889-1902 |
||
| 300 |
_av.5, v.6 _bil. _c33 cm. |
||
| 440 | 0 |
_aBiologia Centrali-Americana _923849 |
|
| 500 | _av.1 Au436; v.6 Au437 | ||
| 650 | 1 | 4 |
_aMayas _xAntigüedades _99555 |
| 650 | 1 | 4 |
_aIndígenas de México _xAntigüedades _9509 |
| 650 | 1 | 4 |
_aIndígenas de América Central _xAntigüedades _923850 |
| 650 | 1 | 4 |
_aMayas _vTrabajos pictóricos _xAntigüedades _923851 |
| 650 | 1 | 4 |
_aIndígenas de México _vTrabajos pictóricos _xAntigüedades _923852 |
| 650 | 1 | 4 |
_aIndígenas de América Central _vTrabajos pictóricos _xAntigüedades _923853 |
| 650 | 1 | 4 |
_aInscripciones mayas _923854 |
| 650 | 1 | 4 |
_aCalendario maya _98075 |
| 651 | 4 |
_aAmérica Central _xAntigüedades _923855 |
|
| 651 | 4 |
_aAmérica Central _vTrabajos pictóricos _xAntigüedades _923856 |
|
| 700 | 1 |
_aGoodman, J. T _923857 |
|
| 700 | 1 |
_aGodman, Frederick Du Cane _d1834-1919. _923858 |
|
| 700 | 1 |
_aSalvin, Osbert _d1835-1898. _923859 |
|
| 902 | _aGRL | ||
| 942 |
_2lcc _cB |
||
| 999 |
_c9227 _d9227 |
||